[Event "Vojvodina Championship 2012"]
[Site "Novi Sad"]
[Date "2012.07.04"]
[Round "8"]
[White "Kumic, Filip"]
[Black "Kokeza, Mirko"]
[Result "1/2-1/2"]
[WhiteElo "2210"]
[BlackElo "2282"]
[PlyCount "197"]
[EventDate "2012.??.??"]
[Source "Perpetual Check"]

1. d4 Nf6 2. c4 g6 3. Nc3 Bg7 4. e4 d6 5. Nf3 O-O 6. Be2 Bg4 7. Ng1 Bxe2 8.
Ngxe2 Nfd7 9. O-O c5 10. Be3 cxd4 11. Nxd4 Nc6 12. h3 Qa5 13. Rc1 Rfc8 14. b3
a6 15. Nd5 Kf8 16. a4 e6 17. Nxc6 Rxc6 18. b4 Qd8 19. b5 axb5 20. axb5 Rcc8 21.
Nf4 Nc5 22. Bxc5 dxc5 23. Qf3 Qf6 24. Nd3 Qxf3 25. gxf3 Bd4 26. Kg2 Ra2 27. f4
Rca8 28. Ne5 Re2 29. Rce1 Rc2 30. Rc1 Rxc1 31. Rxc1 Ra2 32. Nf3 Bxf2 33. Rd1
Be3+ 34. Kg3 Ke7 35. Rd3 Bf2+ 36. Kg2 Bh4+ 37. Rd2 Rxd2+ 38. Nxd2 Be1 39. Nb3
Bb4 40. Nc1 Ba3 41. Nd3 f6 42. Kf3 b6 43. f5 Bb4 44. Nf4 Bd2 45. Nxe6 Kd6 46.
Nf8 g5 47. Ne6 Ke5 48. Nc7 h5 49. Nd5 Ba5 50. Ne7 g4+ 51. hxg4 hxg4+ 52. Ke3
Be1 53. Nc6+ Kd6 54. Kf4 g3 55. Kf3 Bf2 56. Kg2 Be1 57. e5+ fxe5 58. f6 Bd2 59.
f7 Bh6 60. Kxg3 Ke6 61. Kf3 Kxf7 62. Nxe5+ Ke6 63. Ke4 Bd2 64. Nf3 Bc1 65. Ng1
Bg5 66. Ne2 Bd2 67. Kd3 Bg5 68. Ke4 Bd2 69. Ng1 Bg5 70. Nf3 Bf6 71. Nh2 Bg7 72.
Ng4 Bd4 73. Nh6 Bc3 74. Nf5 Bd2 75. Ng3 Be1 76. Nf1 Bf2 77. Nd2 Bd4 78. Nf3 Bf6
79. Ne1 Bh4 80. Nd3 Bg5 81. Ne5 Bf6 82. Nc6 Bg5 83. Nb8 Bd8 84. Na6 Kd6 85. Kf5
Bh4 86. Nb8 Be1 87. Nc6 Bc3 88. Nd8 Bb2 89. Ne6 Bc1 90. Nf4 Bxf4 91. Kxf4 Kd7
92. Kf5 Kd6 93. Kf6 Kd7 94. Kf7 Kd6 95. Ke8 Ke5 96. Kd7 Kd4 97. Kc6 Kxc4 98.
Kxb6 Kd4 99. Ka6 1/2-1/2

[Event "Vojvodina Championship 2012"]
[Site "Novi Sad"]
[Date "2012.07.04"]
[Round "8"]
[White "Blazeka, Matej"]
[Black "Peovic, Milos"]
[Result "1-0"]
[WhiteElo "2202"]
[BlackElo "2281"]
[PlyCount "89"]
[EventDate "2012.??.??"]
[Source "Perpetual Check"]

1. e4 e6 2. d4 d5 3. exd5 exd5 4. Bd3 Bd6 5. Ne2 Ne7 6. O-O Nbc6 7. c3 Bg4 8.
f3 Bh5 9. Bf4 Bg6 10. Re1 a6 11. Qc2 Qd7 12. Bxd6 Qxd6 13. f4 Bxd3 14. Qxd3 Qg6
15. f5 Qg5 16. Nd2 O-O-O 17. Rf1 Rde8 18. Rae1 h5 19. Rf4 Ng8 20. Ref1 Nf6 21.
h3 Re7 22. R1f3 Rhe8 23. Ng3 Re1+ 24. Ngf1 Ne4 25. h4 Qh6 26. b4 Qd6 27. a4 Rc1
28. Nxe4 dxe4 29. Rxe4 Rd8 30. Qe3 Ra1 31. a5 Qd5 32. Re8 Ra3 33. Rxd8+ Qxd8
34. Qe4 Qf6 35. Re3 Nd8 36. Ng3 g6 37. fxg6 fxg6 38. Rf3 Qd6 39. Ne2 Ra1+ 40.
Kf2 Ne6 41. Qxg6 Ra2 42. Qe4 Qe7 43. d5 Rxe2+ 44. Qxe2 Qxh4+ 45. Kg1 1-0

[Event "Vojvodina Championship 2012"]
[Site "Novi Sad"]
[Date "2012.07.04"]
[Round "8"]
[White "Rajak, Luka"]
[Black "Mastrapovic, Vladimir"]
[Result "0-1"]
[WhiteElo "2198"]
[BlackElo "2279"]
[PlyCount "60"]
[EventDate "2012.??.??"]
[Source "Perpetual Check"]

1. e4 c5 2. Nf3 Nc6 3. d4 cxd4 4. Nxd4 g6 5. Be3 Bg7 6. g3 Nf6 7. Bg2 O-O 8.
Nc3 d6 9. h3 Bd7 10. Qd2 Qa5 11. Nb3 Qc7 12. f4 Rac8 13. O-O Rfd8 14. Rad1 Be6
15. g4 Bc4 16. Rf2 Nd7 17. Nd5 Bxd5 18. exd5 Ncb8 19. c3 Nc5 20. Nd4 Nbd7 21.
f5 Nf6 22. Qc2 Ncd7 23. Rdf1 Ne5 24. fxg6 hxg6 25. Bf4 Qc4 26. g5 Nxd5 27. Bxe5
dxe5 28. Bxd5 Qxd5 29. Rxf7 Qxd4+ 30. R1f2 Qd1+ 0-1

[Event "Vojvodina Championship 2012"]
[Site "Novi Sad"]
[Date "2012.07.04"]
[Round "8"]
[White "Mihalj, Miroslav M"]
[Black "Elez, Nikola"]
[Result "1/2-1/2"]
[WhiteElo "2276"]
[BlackElo "2165"]
[PlyCount "96"]
[EventDate "2012.??.??"]
[Source "Perpetual Check"]

1. d4 Nf6 2. c4 d6 3. Nc3 c6 4. Bg5 Qa5 5. Qd2 Bf5 6. e4 Bg6 7. f4 e6 8. Nf3
Nbd7 9. e5 Ng8 10. Be2 dxe5 11. fxe5 h6 12. Bh4 Be7 13. Bf2 Bb4 14. O-O Rd8 15.
a3 Bxc3 16. Qxc3 Qxc3 17. bxc3 Ne7 18. Bh4 Rc8 19. Rad1 Nb6 20. Bf2 O-O 21. Rd2
Rfd8 22. Bh4 Rd7 23. Bxe7 Rxe7 24. c5 Nd5 25. Rc1 b5 26. Rb2 Rd7 27. Kf2 a6 28.
Bf1 Rb7 29. g3 Rcb8 30. Bg2 a5 31. Nd2 Ne7 32. Ne4 Bxe4 33. Bxe4 Kf8 34. Rcb1
Ke8 35. Ke3 Kd7 36. Kd3 Nd5 37. Bxd5 exd5 38. Rf1 Ke6 39. Rfb1 a4 40. Rf2 h5
41. Rbf1 Rh8 42. h4 Rc7 43. Rf5 Rh7 44. Ke3 Re7 45. R1f4 Rc7 46. Kf2 Re7 47.
Rg5 Re8 48. Rgf5 Reh8 1/2-1/2

[Event "Vojvodina Championship 2012"]
[Site "Novi Sad"]
[Date "2012.07.04"]
[Round "8"]
[White "Vukovic, Miroslav R"]
[Black "Cechi, Goran"]
[Result "0-1"]
[WhiteElo "2193"]
[BlackElo "2263"]
[PlyCount "62"]
[EventDate "2012.??.??"]
[Source "Perpetual Check"]

1. e4 e6 2. d4 d5 3. Nc3 Bb4 4. e5 c5 5. a3 Ba5 6. b4 cxd4 7. Qxd4 Bc7 8. Nf3
Ne7 9. Bg5 Nbc6 10. Bb5 Qd7 11. Bxe7 Nxd4 12. Nxd4 Bxe5 13. Bc5 b6 14. Bxb6
axb6 15. Bxd7+ Bxd7 16. Nce2 O-O 17. Kd2 f6 18. Rhf1 Bd6 19. Nc3 Rfc8 20. Ndb5
Be5 21. a4 Rc4 22. Ra2 Rg4 23. Kd3 Rxg2 24. a5 Rxh2 25. Nd4 bxa5 26. bxa5 Bc8
27. Nde2 Ba6+ 28. Ke3 Rh4 29. Kd2 Rc4 30. Na4 Rc7 31. Nb6 Raa7 {more moves} 0-1

[Event "Vojvodina Championship 2012"]
[Site "Novi Sad"]
[Date "2012.07.04"]
[Round "8"]
[White "Dimitrijevic, Nenad"]
[Black "Jandric, Damjan"]
[Result "0-1"]
[WhiteElo "2255"]
[BlackElo "2010"]
[PlyCount "78"]
[EventDate "2012.??.??"]
[Source "Perpetual Check"]

1. e4 c5 2. Nf3 d6 3. d3 g6 4. g3 Bg7 5. Bg2 Nc6 6. O-O e6 7. c3 Nge7 8. Be3
O-O 9. Qc1 e5 10. a4 b6 11. Na3 Bb7 12. Nh4 d5 13. Bh6 d4 14. Bxg7 Kxg7 15. f4
exf4 16. gxf4 f5 17. Nf3 Na5 18. Qe1 h6 19. cxd4 cxd4 20. Ne5 Rc8 21. Qg3 Rf6
22. Rac1 Rxc1 23. Rxc1 Nb3 24. Rc2 Nc5 25. b4 Nxa4 26. h4 Nc3 27. h5 fxe4 28.
dxe4 Bxe4 29. Bxe4 Nxe4 30. Qf3 Nd6 31. Rg2 Qc8 32. hxg6 Qc1+ 33. Kh2 Qxf4+ 34.
Qxf4 Rxf4 35. Nc2 Ndf5 36. b5 Re4 37. Nc6 d3 38. N2b4 Nxc6 39. bxc6 Rxb4 0-1

[Event "Vojvodina Championship 2012"]
[Site "Novi Sad"]
[Date "2012.07.05"]
[Round "9"]
[White "Bojanic, Bratislav"]
[Black "Cabarkapa, Novak"]
[Result "1/2-1/2"]
[WhiteElo "2245"]
[BlackElo "2242"]
[PlyCount "66"]
[EventDate "2012.??.??"]
[Source "Perpetual Check"]

1. e4 c5 2. Nf3 d6 3. d4 cxd4 4. Nxd4 Nf6 5. Nc3 Bd7 6. Bg5 e6 7. Qd2 a6 8.
O-O-O h6 9. Bxf6 Qxf6 10. f4 Nc6 11. Nf3 O-O-O 12. Kb1 g5 13. fxg5 hxg5 14.
Qxg5 Qxg5 15. Nxg5 Ne5 16. h3 Be7 17. Nf3 Rdg8 18. Nxe5 dxe5 19. g4 Bc6 20. Be2
Bb4 21. Rd3 Rd8 22. Rf1 Rxd3 23. cxd3 Rxh3 24. Rxf7 Rg3 25. Kc2 Bc5 26. Bf3 Be8
27. Rf6 Kd7 28. Be2 b5 29. a3 Rg2 30. Kd2 a5 31. Rf1 Kd6 32. Nd1 a4 33. Ne3 Rh2
1/2-1/2

[Event "Vojvodina Championship 2012"]
[Site "Novi Sad"]
[Date "2012.07.05"]
[Round "9"]
[White "Saric, Sinisa"]
[Black "Kler, Borko"]
[Result "1-0"]
[WhiteElo "2470"]
[BlackElo "2196"]
[PlyCount "161"]
[EventDate "2012.??.??"]
[Source "Perpetual Check"]

1. d4 Nf6 2. c4 g6 3. Nc3 Bg7 4. e4 d6 5. Nf3 e5 6. Be2 O-O 7. Be3 exd4 8. Nxd4
Re8 9. f3 c6 10. Qd2 d5 11. exd5 cxd5 12. O-O Nc6 13. c5 Nh5 14. Bf2 Be5 15. g3
Ng7 16. Rfd1 Ne6 17. Nxe6 Bxe6 18. f4 Bg7 19. Nb5 d4 20. Nxd4 Bxd4 21. Bxd4 Bb3
22. axb3 Nxd4 23. Bg4 h5 24. Qf2 hxg4 25. Rxd4 Qe7 26. f5 Qxc5 27. Rxg4 Qxf2+
28. Kxf2 Kg7 29. fxg6 fxg6 30. Rd4 Re7 31. Rd2 a6 32. Ra4 Rf8+ 33. Kg2 Rf5 34.
Rb4 Rf6 35. Kh3 Rfe6 36. Rc2 Rd6 37. Kg4 Rf6 38. h4 Rd6 39. Kh3 Rf6 40. Rc8 Rd6
41. Rc2 Rf6 42. Rd2 Rc6 43. Rg4 Kh7 44. Rgd4 Rb6 45. b4 Kh6 46. Rc2 Rf7 47. Rc8
Re7 48. Rc5 Rf6 49. b5 axb5 50. Rxb5 b6 51. Rb3 Re2 52. Kg4 Rc2 53. Rf4 Re6 54.
Kf3 Rd2 55. Rfb4 Rdd6 56. Re4 g5 57. Ke3 gxh4 58. gxh4 Rxe4+ 59. Kxe4 Kh5 60.
Ke5 Rc6 61. Kd5 Rf6 62. Rb4 Kg6 63. Kc4 Kf7 64. Kb5 Ke7 65. Ka6 Rh6 66. Rd4 Ke8
67. b4 Ke7 68. b5 Ke8 69. Kb7 Ke7 70. Kc7 Re6 71. Rd7+ Ke8 72. Rd6 Re4 73. Kxb6
Rxh4 74. Kb7 Rh7+ 75. Kc6 Ra7 76. b6 Ra3 77. b7 Rc3+ 78. Kb6 Rb3+ 79. Kc7 Ke7
80. Rb6 Rc3+ 81. Rc6 1-0

[Event "Vojvodina Championship 2012"]
[Site "Novi Sad"]
[Date "2012.07.05"]
[Round "9"]
[White "Nestorovic, Nikola"]
[Black "Stone, Andrew M"]
[Result "1-0"]
[WhiteElo "2437"]
[BlackElo "2233"]
[PlyCount "93"]
[EventDate "2012.??.??"]
[Source "Perpetual Check"]

1. e4 e6 2. d4 d5 3. Nc3 Nf6 4. Bg5 Be7 5. e5 Nfd7 6. Bxe7 Qxe7 7. f4 O-O 8.
Nf3 c5 9. dxc5 Qxc5 10. Qd2 a6 11. O-O-O Nc6 12. Kb1 b5 13. Bd3 f6 14. exf6
Nxf6 15. Rhe1 Bd7 16. Ne2 Kh8 17. Nc1 Rae8 18. Nb3 Qb6 19. Qc3 Re7 20. Qc5 Qxc5
21. Nxc5 Bc8 22. a4 bxa4 23. Nxa4 Ng4 24. Nb6 Bb7 25. g3 Rfe8 26. Rd2 Nf6 27.
Rde2 g6 28. c3 Nd8 29. Ne5 Ne4 30. Bxe4 dxe4 31. Nbc4 Nc6 32. Nxc6 Bxc6 33. Nd6
Rd8 34. Nxe4 Bb5 35. Rd2 Rxd2 36. Nxd2 Rd7 37. Kc1 Rd6 38. Ne4 Rb6 39. Nc5 Bc4
40. Kc2 Rc6 41. Nd7 Bd5 42. b3 Rd6 43. Nc5 Rc6 44. Nd3 Bg2 45. Ne5 Rb6 46. c4
Kg7 47. Rd1 1-0

[Event "Vojvodina Championship 2012"]
[Site "Novi Sad"]
[Date "2012.07.05"]
[Round "9"]
[White "Vucinic, Gojko"]
[Black "Leskur, Dejan"]
[Result "1-0"]
[WhiteElo "2150"]
[BlackElo "2393"]
[PlyCount "83"]
[EventDate "2012.??.??"]
[Source "Perpetual Check"]

1. e4 g6 2. d4 Bg7 3. Nc3 c6 4. Nf3 d5 5. h3 Nh6 6. Bd3 O-O 7. O-O f6 8. Re1
Nf7 9. e5 fxe5 10. dxe5 e6 11. Bf4 b6 12. Qe2 a5 13. Na4 Na6 14. Qe3 c5 15. c3
Bd7 16. b3 Qc7 17. Nb2 b5 18. Bc2 Bc6 19. Rad1 Rad8 20. Ng5 Nxg5 21. Bxg5 Rd7
22. Nd3 d4 23. cxd4 cxd4 24. Qe2 Rdf7 25. f3 Qb6 26. Kh2 Nc7 27. Nf2 Nd5 28.
Qd2 Ne3 29. Bxe3 Bxe5+ 30. Kg1 dxe3 31. Qxe3 Qxe3 32. Rxe3 Bg7 33. Rxe6 Rc7 34.
Be4 Bxe4 35. Nxe4 Rc2 36. Rd7 Rxa2 37. Ree7 Bb2 38. Rxh7 a4 39. bxa4 bxa4 40.
Ng5 a3 41. Rh6 Ra1+ 42. Kf2 1-0

[Event "Vojvodina Championship 2012"]
[Site "Novi Sad"]
[Date "2012.07.05"]
[Round "9"]
[White "Jandric, Damjan"]
[Black "Kosanovic, Goran A"]
[Result "0-1"]
[WhiteElo "2010"]
[BlackElo "2370"]
[PlyCount "74"]
[EventDate "2012.??.??"]
[Source "Perpetual Check"]

1. e4 b6 2. d3 c5 3. Nf3 Bb7 4. g3 Nc6 5. Bg2 g6 6. O-O Bg7 7. c3 d5 8. Qe2 d4
9. c4 e5 10. Ne1 Nge7 11. f4 f6 12. Nf3 Qd6 13. Na3 O-O 14. Bd2 Rae8 15. Nc2 a6
16. fxe5 fxe5 17. Bh3 Bc8 18. Bxc8 Nxc8 19. Rab1 b5 20. Na3 b4 21. Nc2 a5 22.
b3 Qd7 23. a3 bxa3 24. Nxa3 Nd6 25. Nc2 Rb8 26. Qe1 Ra8 27. Ra1 Rfb8 28. Ra3
Nb4 29. Nxb4 axb4 30. Ra1 Ra3 31. Rxa3 bxa3 32. b4 cxb4 33. Bxb4 a2 34. c5 Nf7
35. Qa1 Qa4 36. Bd2 Qc2 37. Rc1 Rb1 0-1

[Event "Vojvodina Championship 2012"]
[Site "Novi Sad"]
[Date "2012.07.05"]
[Round "9"]
[White "Chandra, Akshat"]
[Black "Nestorovic, Lazar"]
[Result "1/2-1/2"]
[WhiteElo "2155"]
[BlackElo "2365"]
[PlyCount "71"]
[EventDate "2012.??.??"]
[Source "Perpetual Check"]

1. e4 c5 2. Nf3 d6 3. d4 cxd4 4. Nxd4 Nf6 5. Nc3 g6 6. Be3 Bg7 7. f3 h5 8. Qd2
a6 9. O-O-O b5 10. a3 Bb7 11. Be2 Nbd7 12. h3 h4 13. Qe1 Rc8 14. Kb1 Rh5 15.
Nb3 Qc7 16. Bd4 Rh7 17. g4 hxg3 18. Qxg3 Nh5 19. Qf2 e5 20. Be3 Bf8 21. f4 exf4
22. Bxf4 Nxf4 23. Qxf4 Ne5 24. Bg4 Nxg4 25. hxg4 Rxh1 26. Rxh1 Bg7 27. Rh7 Kf8
28. Rh3 a5 29. Qd2 Qc4 30. Qxd6+ Kg8 31. Qd1 Ra8 32. Nxa5 Rxa5 33. Qd8+ Bf8 34.
Qf6 Bg7 35. Qd8+ Bf8 36. Qf6 1/2-1/2

[Event "Vojvodina Championship 2012"]
[Site "Novi Sad"]
[Date "2012.07.05"]
[Round "9"]
[White "Petkovic, Radosav"]
[Black "Ratkovic, Milovan"]
[Result "1/2-1/2"]
[WhiteElo "2305"]
[BlackElo "2214"]
[PlyCount "74"]
[EventDate "2012.??.??"]
[Source "Perpetual Check"]

1. e4 c6 2. d4 d5 3. Nc3 dxe4 4. Nxe4 Bf5 5. Ng3 Bg6 6. Nh3 Nf6 7. Nf4 e5 8.
dxe5 Qa5+ 9. c3 Qxe5+ 10. Be2 Bc5 11. O-O O-O 12. Nd3 Bxd3 13. Qxd3 Nbd7 14.
Bd2 Rad8 15. Qc2 Rfe8 16. Rae1 Qc7 17. b4 Bd6 18. c4 c5 19. b5 Be5 20. Be3 Nf8
21. Bf3 Ne6 22. Qa4 b6 23. Rd1 Bf4 24. Bxf4 Nxf4 25. Nf5 Rxd1 26. Rxd1 Ne2+ 27.
Bxe2 Rxe2 28. Ne3 h5 29. Qb3 Ng4 30. Nxg4 hxg4 31. Qd3 Qe7 32. Kf1 Re4 33. Qd5
g6 34. g3 Re2 35. Qd8+ Kg7 36. Qxe7 Rxe7 37. a4 a5 1/2-1/2

[Event "Vojvodina Championship 2012"]
[Site "Novi Sad"]
[Date "2012.07.05"]
[Round "9"]
[White "Mastrapovic, Vladimir"]
[Black "Ilijc, Milan"]
[Result "1-0"]
[WhiteElo "2279"]
[BlackElo "2218"]
[PlyCount "55"]
[EventDate "2012.??.??"]
[Source "Perpetual Check"]

1. e4 d6 2. d4 Nf6 3. Nc3 g6 4. f4 Bg7 5. Nf3 c5 6. d5 O-O 7. Bc4 Na6 8. O-O
Nc7 9. e5 Nd7 10. Re1 Nb6 11. b3 Rb8 12. Rb1 a6 13. Bb2 Nxc4 14. bxc4 b5 15.
cxb5 axb5 16. Ne4 Bb7 17. exd6 exd6 18. c4 bxc4 19. Bxg7 Kxg7 20. Rb6 Qd7 21.
Qa1+ f6 22. Rxd6 Qf5 23. Nxf6 Rf7 24. Ng4+ Rf6 25. Nxf6 Nb5 26. Nh5+ Kh6 27.
Qg7+ Kxh5 28. Qxh7+ 1-0

[Event "Vojvodina Championship 2012"]
[Site "Novi Sad"]
[Date "2012.07.05"]
[Round "9"]
[White "Azaric, Slavko"]
[Black "Blazeka, Matej"]
[Result "1-0"]
[WhiteElo "2273"]
[BlackElo "2202"]
[PlyCount "45"]
[EventDate "2012.??.??"]
[Source "Perpetual Check"]

1. e4 e5 2. Nf3 Nc6 3. d4 exd4 4. Nxd4 Bb4+ 5. c3 Bc5 6. Nxc6 bxc6 7. Qf3 Ne7
8. Be3 Bxe3 9. Qxe3 O-O 10. Nd2 f5 11. Bd3 f4 12. Qd4 Ng6 13. Nf3 Qe8 14. e5 d5
15. h3 Bb7 16. O-O Qe7 17. Qb4 Rab8 18. Bxg6 c5 19. Bxh7+ Kxh7 20. Qa3 g6 21.
e6 Bc8 22. Rfe1 Rf5 23. Nd4 1-0

[Event "Vojvodina Championship 2012"]
[Site "Novi Sad"]
[Date "2012.07.05"]
[Round "9"]
[White "Remecki, Sinisa"]
[Black "Drazic, Sinisa"]
[Result "0-1"]
[WhiteElo "2225"]
[BlackElo "2528"]
[PlyCount "31"]
[EventDate "2012.??.??"]
[Source "Perpetual Check"]

1. e4 g6 2. d4 Bg7 3. Nc3 a6 4. Be3 d6 5. Qd2 Nd7 6. f3 b5 7. O-O-O Bb7 8. h4
h5 9. Nh3 Ngf6 10. Bd3 c5 11. dxc5 dxc5 12. e5 Nxe5 13. Bxc5 Qc7 14. Bb4 O-O
15. Qe2 Nxd3+ 16. Rxd3 {more moves} 0-1

[Event "Vojvodina Championship 2012"]
[Site "Novi Sad"]
[Date "2012.07.05"]
[Round "9"]
[White "Bodiroga, Predrag"]
[Black "Kumic, Filip"]
[Result "1-0"]
[WhiteElo "2395"]
[BlackElo "2210"]
[PlyCount "75"]
[EventDate "2012.??.??"]
[Source "Perpetual Check"]

1. d4 Nf6 2. c4 g6 3. f3 Bg7 4. e4 d6 5. Ne2 O-O 6. Nbc3 Nbd7 7. Bg5 a6 8. Qd2
c5 9. dxc5 dxc5 10. O-O-O Qa5 11. Kb1 e6 12. Nc1 b5 13. cxb5 Rb8 14. Nb3 Qb4
15. Qc2 c4 16. Nd4 Qc5 17. Be3 axb5 18. Nf5 Qc7 19. Nxg7 Kxg7 20. g4 b4 21. g5
Nh5 22. Ne2 Ba6 23. Ng3 Bb5 24. Ne2 Rfc8 25. Nd4 Ba6 26. f4 e5 27. fxe5 Qxe5
28. Nf5+ Kf8 29. Nd6 Rc6 30. Nxf7 Kxf7 31. Rxd7+ Kg8 32. Bh3 Rd6 33. Rxd6 Qxd6
34. Qd1 Qxd1+ 35. Rxd1 c3 36. Be6+ Kf8 37. Rd7 Bc8 38. Rd8+ 1-0

[Event "Vojvodina Championship 2012"]
[Site "Novi Sad"]
[Date "2012.07.05"]
[Round "9"]
[White "Savic, Dragan"]
[Black "Klasan, Vladimir"]
[Result "0-1"]
[WhiteElo "2174"]
[BlackElo "2355"]
[PlyCount "78"]
[EventDate "2012.??.??"]
[Source "Perpetual Check"]

1. e4 c5 2. Nf3 d6 3. Bb5+ Nd7 4. c3 Ngf6 5. Qe2 a6 6. Ba4 Qc7 7. O-O c4 8. Re1
e5 9. Bc2 Be7 10. a4 Nb6 11. a5 Nbd7 12. Na3 b5 13. axb6 Nxb6 14. d3 cxd3 15.
Bxd3 O-O 16. Nc2 a5 17. Ne3 Be6 18. Ng5 Bd7 19. Bb5 h6 20. Bxd7 Qxd7 21. Nh3
Nxe4 22. Ng4 f5 23. Ne3 Nc5 24. Qh5 f4 25. Ng4 Kh7 26. Nxe5 dxe5 27. Rxe5 Nb3
28. Rb1 Qd3 29. Rxe7 Qxb1 30. Ng5+ Kg8 31. h4 hxg5 32. hxg5 Qh7 33. Qg4 Qf5 34.
Qd1 Nxc1 35. Qxc1 f3 36. Qe1 Qxg5 37. g3 Qh5 38. Rxg7+ Kxg7 39. Qe7+ Kg8 0-1

[Event "Vojvodina Championship 2012"]
[Site "Novi Sad"]
[Date "2012.07.05"]
[Round "9"]
[White "Doric, Nenad"]
[Black "Ratkovic, Miloje"]
[Result "1/2-1/2"]
[WhiteElo "2339"]
[BlackElo "2176"]
[PlyCount "43"]
[EventDate "2012.??.??"]
[Source "Perpetual Check"]

1. Nf3 Nf6 2. g3 d5 3. c4 c6 4. Bg2 Bf5 5. cxd5 cxd5 6. Qb3 Qc8 7. Nc3 e6 8. d3
Be7 9. Bf4 O-O 10. Rc1 Nc6 11. O-O Nd7 12. Nb5 Nc5 13. Qc3 Qd7 14. Nbd4 Nxd4
15. Nxd4 Bg6 16. Nf3 Rfc8 17. Ne5 Qd8 18. Nxg6 hxg6 19. h4 Rc6 20. Qd2 Rac8 21.
b4 Na4 22. Rxc6 1/2-1/2

[Event "Vojvodina Championship 2012"]
[Site "Novi Sad"]
[Date "2012.07.05"]
[Round "9"]
[White "Stojanovic, Andjelija"]
[Black "Elez, Nikola"]
[Result "0-1"]
[WhiteElo "2293"]
[BlackElo "2165"]
[PlyCount "80"]
[EventDate "2012.??.??"]
[Source "Perpetual Check"]

1. e4 c5 2. Nf3 d6 3. d4 cxd4 4. Qxd4 Nc6 5. Bb5 Bd7 6. Bxc6 Bxc6 7. Nc3 h6 8.
Bd2 e5 9. Qd3 Nf6 10. O-O-O Be7 11. h3 b5 12. Nd5 Nxd5 13. exd5 Bd7 14. g4 Rc8
15. Be3 O-O 16. Qd2 f5 17. gxf5 Bxf5 18. Ne1 Kh7 19. Rg1 Qc7 20. Kb1 a5 21. Rc1
b4 22. f4 Qc4 23. fxe5 dxe5 24. d6 Bf6 25. Nd3 Qd5 26. Nf2 Qxd2 27. Bxd2 Rfd8
28. Ng4 Rxd6 29. Be3 Rdc6 30. Rg2 a4 31. Rf2 Be4 32. Bxh6 b3 33. Be3 bxc2+ 34.
Ka1 a3 35. Nxf6+ gxf6 36. b3 f5 37. Bd2 Rb8 38. Re1 Rd6 39. Bc1 Rd1 40. Rff1
Rbd8 0-1

[Event "Vojvodina Championship 2012"]
[Site "Novi Sad"]
[Date "2012.07.05"]
[Round "9"]
[White "Kokeza, Mirko"]
[Black "Iliev, Dimitar"]
[Result "0-1"]
[WhiteElo "2282"]
[BlackElo "2137"]
[PlyCount "51"]
[EventDate "2012.??.??"]
[Source "Perpetual Check"]

1. d4 d6 2. c4 c6 3. Nf3 Qc7 4. Bf4 Bg4 5. Nbd2 Nd7 6. h3 Bxf3 7. Nxf3 e5 8.
Bd2 Ngf6 9. Bc3 Ne4 10. Qc2 Nxc3 11. bxc3 Be7 12. g3 Qa5 13. Nd2 Bf6 14. e3 O-O
15. Bg2 Rab8 16. O-O Qc7 17. a4 a5 18. Rfb1 g6 19. Rb3 exd4 20. cxd4 Nc5 21.
Rb2 Na6 22. Ne4 Bg7 23. Nc3 Nb4 24. Qd2 Rbe8 25. Na2 c5 26. Rc1 {more moves}
0-1

[Event "16th "]
[Site "Senta"]
[Date "2012.07.14"]
[Round "1.2"]
[White "Pacal, Mihaly"]
[Black "Kecskemeti, Krisztina"]
[Result "1-0"]
[WhiteElo "2153"]
[BlackElo "1717"]
[PlyCount "41"]
[EventDate "2012.07.14"]

1. e4 e6 2. d4 d5 3. e5 c5 4. c3 Nc6 5. Nf3 Qb6 6. Bd3 Bd7 7. O-O cxd4 8. cxd4
Nxd4 9. Nxd4 Qxd4 10. Nc3 Qxe5 11. Re1 Qd6 12. Nb5 Bxb5 13. Bxb5+ Kd8 14. Be3
a6 15. Qa4 Rc8 16. Qa5+ Ke7 17. Rac1 Rxc1 18. Rxc1 d4 19. Bg5+ Nf6 20. Rc7+ Kd8
21. Rd7+ 1-0

[Event "16th "]
[Site "Senta"]
[Date "2012.07.14"]
[Round "1.3"]
[White "Korponai, Akos"]
[Black "Smirnov, Boris"]
[Result "1/2-1/2"]
[WhiteElo "1709"]
[BlackElo "2143"]
[PlyCount "59"]
[EventDate "2012.07.14"]

1. e4 c5 2. Nf3 d6 3. d4 cxd4 4. Qxd4 Nc6 5. Bb5 Bd7 6. Bxc6 Bxc6 7. Nc3 Nf6 8.
Bg5 h6 9. Bxf6 gxf6 10. O-O-O Qa5 11. Kb1 O-O-O 12. Nd2 Kb8 13. Nc4 Qa6 14. Ne3
Rg8 15. f4 f5 16. e5 e6 17. exd6 Bxd6 18. Qf6 Bc7 19. Rxd8+ Rxd8 20. Rd1 Rc8
21. g3 Bf3 22. Rf1 Be4 23. a3 Ba5 24. Nxe4 fxe4 25. Qe5+ Ka8 26. Qxe4 Qe2 27.
Qf3 Qxh2 28. Rh1 Qd2 29. Rd1 Qh2 30. Rh1 1/2-1/2

[Event "16th "]
[Site "Senta"]
[Date "2012.07.14"]
[Round "1.4"]
[White "Zivkovic, Momcilo"]
[Black "Kormanyos, Akos"]
[Result "1-0"]
[WhiteElo "2136"]
[BlackElo "1680"]
[PlyCount "45"]
[EventDate "2012.07.14"]

1. e4 e5 2. Nf3 Nc6 3. Bb5 a6 4. Ba4 Nf6 5. O-O Be7 6. d3 b5 7. Bb3 O-O 8. a4
Bb7 9. axb5 axb5 10. Rxa8 Bxa8 11. Nc3 b4 12. Nd5 d6 13. Bd2 Na5 14. Nxe7+ Qxe7
15. Ba2 c5 16. Qa1 Nc6 17. Bg5 h6 18. Bxf6 Qxf6 19. Bd5 Qg6 20. Nh4 Qg4 21. Nf5
Qg6 22. Bxc6 Bxc6 23. Ne7+ 1-0

[Event "16th "]
[Site "Senta"]
[Date "2012.07.14"]
[Round "1.5"]
[White "Holobica, Laszlo"]
[Black "Sedlak, Ivan"]
[Result "0-1"]
[WhiteElo "1678"]
[BlackElo "2132"]
[PlyCount "62"]
[EventDate "2012.07.14"]

1. e4 e6 2. d4 d5 3. exd5 Qxd5 4. Nf3 Nf6 5. Nc3 Qd8 6. Bc4 Be7 7. O-O O-O 8.
h3 Nbd7 9. a3 a6 10. Bg5 b5 11. Ba2 Bb7 12. Qe2 c5 13. dxc5 Nxc5 14. Rad1 Qc7
15. Rfe1 Rac8 16. Nd4 h6 17. Bh4 Rfd8 18. Bg3 Qb6 19. Nf5 Bf8 20. Ne3 Nce4 21.
Nxe4 Nxe4 22. Be5 Qc5 23. Bh2 Qg5 24. Rxd8 Rxd8 25. Rd1 Rxd1+ 26. Qxd1 Bc5 27.
Qe2 Bb6 28. Bb1 f5 29. f4 Qg6 30. c3 Bxe3+ 31. Kf1 Ng3+ 0-1

[Event "16th "]
[Site "Senta"]
[Date "2012.07.14"]
[Round "1.6"]
[White "Kosa, Jeno"]
[Black "Olajos, Gyozo"]
[Result "1-0"]
[WhiteElo "2123"]
[BlackElo "1677"]
[PlyCount "97"]
[EventDate "2012.07.14"]

1. d4 Nf6 2. c4 e5 3. dxe5 Ng4 4. Bf4 Nc6 5. Nf3 Bb4+ 6. Nbd2 Qe7 7. a3 Ngxe5
8. Nxe5 Nxe5 9. e3 Bxd2+ 10. Qxd2 d6 11. Be2 Bf5 12. O-O O-O-O 13. Qc3 f6 14.
Rfd1 h5 15. Rac1 g5 16. Bxe5 fxe5 17. c5 d5 18. c6 b6 19. Qb3 Be6 20. Qb5 Kb8
21. b4 Qf7 22. a4 Bc8 23. a5 a6 24. Qd3 b5 25. Rc5 e4 26. Qd4 Rhf8 27. Rf1 g4
28. Rcc1 Rd6 29. Qe5 Rf6 30. Qg3 Rh8 31. Qe5 Rhh6 32. Rc5 Rf5 33. Qb2 Rff6 34.
Qd4 Rd6 35. Bd1 Rhf6 36. Bb3 Rf5 37. Qd2 h4 38. Qe2 g3 39. fxg3 hxg3 40. hxg3
Rxf1+ 41. Qxf1 Rf6 42. Qe2 Be6 43. Rc1 Qh7 44. Rf1 Rh6 45. Rf8+ Ka7 46. Qb2
Rh1+ 47. Kf2 Qf7+ 48. Rxf7 Bxf7 49. Qg7 1-0

[Event "16th "]
[Site "Senta"]
[Date "2012.07.14"]
[Round "1.7"]
[White "Abel, Istvan"]
[Black "Pajzer, Istvan"]
[Result "0-1"]
[WhiteElo "1673"]
[BlackElo "2104"]
[PlyCount "92"]
[EventDate "2012.07.14"]

1. e4 c5 2. Nf3 d6 3. d4 cxd4 4. Nxd4 Nf6 5. Nc3 a6 6. Bg5 e6 7. Qd2 Be7 8. f3
O-O 9. O-O-O b5 10. Bd3 Bb7 11. g4 Nbd7 12. h4 Rc8 13. Kb1 Nc5 14. h5 b4 15.
Nce2 Nfxe4 16. fxe4 Bxg5 17. Qxb4 a5 18. Qa3 Bxe4 19. Bxe4 Nxe4 20. Rh2 Qb6 21.
Nf3 Rc5 22. Qd3 Rb8 23. b3 Rd5 24. Ned4 Nc5 25. Qe2 Bf6 26. c4 Na4 27. Qe3 Bxd4
28. Nxd4 Re5 29. Qd2 Nc5 30. h6 Ne4 31. Qc2 a4 32. hxg7 axb3 33. axb3 Qa5 34.
Nb5 Ra8 35. Qb2 Rxb5 36. cxb5 Nc3+ 37. Kc2 Nxd1 38. Kxd1 Qxb5 39. Qc2 h6 40.
Qc3 Ra1+ 41. Kc2 Ra2+ 42. Kb1 Rxh2 43. Qc8+ Kxg7 44. Qc3+ e5 45. Qf3 Qc5 46.
Qg3 Qc2+ 0-1